[Event "IBCA Wch blind 14th"]
[Site "Cagliari"]
[Date "2019.04.09"]
[Round "4"]
[White "Tonteri, Ari"]
[Black "Murgia, Stefano"]
[Result "1/2-1/2"]
[WhiteElo "1870"]
[BlackElo "1609"]
[PlyCount "46"]
[EventDate "2019.04.06"]
[EventType "swiss"]
[EventRounds "9"]
[EventCountry "ITA"]
[SourceTitle "CBM 189 Extra"]
[Source "ChessBase"]
[SourceDate "2019.06.03"]
[SourceVersion "1"]
[SourceVersionDate "2019.06.03"]
[SourceQuality "1"]

1. e4 e5 2. Nf3 Nc6 3. Bb5 a6 4. Bxc6 dxc6 5. 0-0 Bg4 6. h3 Bh5 7. g4 Bg6 8. Nxe5 Qh4 9. Qf3 f6 10. Nxg6 hxg6 11. Kg2 Bd6 12. d3 Ne7 13. Nc3 g5 14. Rh1 Ng6 15. d4 Qh7 16. Kf1 Nh4 17. Qd3 0-0-0 18. Bd2 Ng6 19. Ne2 Be7 20. Rd1 Ne5 21. Qb3 Qxe4 22. Ng3 Qxd4 23. Nf5 Qc5 1/2-1/2

[Event "IBCA EU-ch blind 06th"]
[Site "Lyon"]
[Date "2015.07.28"]
[Round "4"]
[White "Deville, Olivier"]
[Black "Murgia, Stefano"]
[Result "1-0"]
[WhiteElo "1868"]
[BlackElo "1705"]
[PlyCount "75"]
[EventDate "2015.07.25"]
[EventType "swiss"]
[EventRounds "9"]
[EventCountry "FRA"]
[SourceTitle "CBM 167 Extra"]
[Source "ChessBase"]
[SourceDate "2015.09.14"]
[SourceVersion "1"]
[SourceVersionDate "2015.09.14"]
[SourceQuality "1"]

1. d4 f5 2. g3 Nf6 3. Bg2 g6 4. c3 Bg7 5. Qb3 c6 6. Nh3 d5 7. Nd2 Ng4 8. Nf3 Nd7 9. Nf4 Ndf6 10. Ng5 Qd6 11. Nd3 h6 12. Bf4 Qd8 13. Nf3 g5 14. Be5 0-0 15. h4 Nxe5 16. Nfxe5 g4 17. f3 Qc7 18. 0-0-0 a5 19. Nf4 b5 20. Ned3 b4 21. c4 a4 22. Qxb4 dxc4 23. Qxc4+ Kh7 24. Nc5 Qb6 25. Nfe6 Bxe6 26. Qxe6 Nd5 27. Nd7 Qb4 28. Nxf8+ Rxf8 29. e3 Rf6 30. Qd7 Nc3 31. Rd3 Nxa2+ 32. Kb1 Qc4 33. Rhd1 Nb4 34. Bf1 Qa2+ 35. Kc1 Nxd3+ 36. Bxd3 c5 37. Bxf5+ Kg8 38. dxc5 1-0

[Event "IBCA-ol blind 14th"]
[Site "Chennai"]
[Date "2012.08.16"]
[Round "6.4"]
[White "Murgia, Stefano"]
[Black "Cizman, Gregor"]
[Result "1-0"]
[WhiteElo "1709"]
[BlackElo "1784"]
[PlyCount "81"]
[EventDate "2012.08.10"]
[EventType "team-swiss"]
[EventRounds "9"]
[EventCountry "IND"]
[SourceTitle "CBM 149 Extra"]
[Source "ChessBase"]
[SourceDate "2012.08.24"]
[SourceVersion "1"]
[SourceVersionDate "2012.08.24"]
[SourceQuality "1"]
[WhiteTeam "Italy"]
[BlackTeam "Slovenia"]
[WhiteTeamCountry "ITA"]
[BlackTeamCountry "SLO"]

1. e4 d5 2. exd5 Qxd5 3. Nc3 Qa5 4. Bc4 c6 5. Qe2 Nf6 6. d4 Bf5 7. Bd2 Qc7 8. 0-0-0 e6 9. h3 Be7 10. g4 Bg6 11. f4 0-0 12. Nf3 Nd5 13. Ne5 Bd6 14. h4 Bxe5 15. dxe5 h6 16. Ne4 Nd7 17. h5 Bxe4 18. Qxe4 Nc5 19. Qg2 b5 20. Be2 Kh8 21. Rdg1 Rg8 22. Rh3 Rad8 23. Rg3 Ne7 24. Be3 Na4 25. Bd3 Nd5 26. Bf2 Nxf4 27. Qf3 Nxd3+ 28. cxd3 Qxe5 29. d4 Qf6 30. Qe2 Qg5+ 31. Be3 Qd5 32. Kb1 f6 33. g5 fxg5 34. Rxg5 Qe4+ 35. Ka1 hxg5 36. Rxg5 Rxd4 37. h6 Qh1+ 38. Rg1 Nc3 39. hxg7+ Rxg7 40. Rxh1+ Kg8 41. Qh2 1-0

[Event "IBCA EU-ch blind 05th"]
[Site "Rhodes"]
[Date "2011.09.13"]
[Round "7"]
[White "Armstrong, William G"]
[Black "Murgia, Stefano"]
[Result "1-0"]
[WhiteElo "1948"]
[BlackElo "1718"]
[PlyCount "24"]
[EventDate "2011.09.06"]
[EventType "swiss"]
[EventRounds "9"]
[EventCountry "GRE"]
[SourceTitle "CBM 144 Extra"]
[Source "ChessBase"]
[SourceDate "2011.10.28"]
[SourceVersion "1"]
[SourceVersionDate "2011.10.28"]
[SourceQuality "1"]

1. d4 d6 2. e4 f5 3. Bd3 fxe4 4. Bxe4 Nf6 5. Bd3 Nc6 6. c3 g6 7. Ne2 Bg7 8. Ng3 e5 9. 0-0 0-0 10. d5 Ne7 11. c4 Bd7 12. Nc3 Kh8 1-0

[Event "IBCA EU-ch blind 05th"]
[Site "Rhodes"]
[Date "2011.09.10"]
[Round "5"]
[White "Tonteri, Ari"]
[Black "Murgia, Stefano"]
[Result "1/2-1/2"]
[WhiteElo "1990"]
[BlackElo "1718"]
[PlyCount "48"]
[EventDate "2011.09.06"]
[EventType "swiss"]
[EventRounds "9"]
[EventCountry "GRE"]
[SourceTitle "CBM 144 Extra"]
[Source "ChessBase"]
[SourceDate "2011.10.28"]
[SourceVersion "1"]
[SourceVersionDate "2011.10.28"]
[SourceQuality "1"]

1. e4 d6 2. d4 f5 3. exf5 Bxf5 4. Bd3 Qd7 5. Nf3 Nf6 6. 0-0 Nc6 7. Re1 Bg4 8. c3 0-0-0 9. b4 e5 10. b5 e4 11. Bxe4 Ne7 12. Nbd2 g6 13. Qa4 Kb8 14. c4 Bg7 15. Bb2 Rhe8 16. Rac1 Nxe4 17. Rxe4 Bf5 18. Re3 Bh6 19. Ra3 Nc8 20. Qd1 Re7 21. Rac3 Rde8 22. Ba3 Re2 23. Ne5 R8xe5 24. dxe5 Rxd2 1/2-1/2

[Event "Sardegna Region-ch"]
[Site "Sardara"]
[Date "2011.05.21"]
[Round "2"]
[White "Murgia, Stefano"]
[Black "Camboni, Paolo"]
[Result "0-1"]
[WhiteElo "1718"]
[BlackElo "1875"]
[PlyCount "48"]
[EventDate "2011.05.23"]
[EventType "swiss"]
[EventRounds "8"]
[EventCountry "ITA"]
[SourceTitle "EXT 2023"]
[Source "ChessBase"]
[SourceDate "2022.10.05"]
[SourceVersion "1"]
[SourceVersionDate "2022.10.05"]
[SourceQuality "1"]

1. e4 e5 2. Nf3 Nc6 3. Bb5 a6 4. Ba4 Nf6 5. Qe2 Be7 6. c3 b5 7. Bb3 Bb7 8. d4 d6 9. 0-0 0-0 10. Rd1 Qc8 11. Nbd2 Re8 12. dxe5 Nxe5 13. Nxe5 dxe5 14. Nf3 c5 15. Nxe5 c4 16. Bc2 Bc5 17. Bf4 Re7 18. Rd2 Qe8 19. Rad1 Rxe5 20. Bxe5 Qxe5 21. g3 g6 22. Kf1 Re8 23. f4 Qe6 24. e5 Qc6 0-1